000 00368nam a22001457a 4500
999 _c145010
_d145010
082 _aM301
_bANU/P
100 _aAnuja Akathoothu
245 _aPothuvakya Sammelanam/
_cby Anuja Akathoothu
260 _aMuvattupuzha:
_bKadhasamithi,
_c1999.
300 _a32p.
650 _aStories Malayalam
650 _aLiterature Malayalam
650 _aLiterature
942 _cBK